| 000 | 01266nam1a2200325 i 4500 | ||
|---|---|---|---|
| 001 | RU\NLR\BIBL_A\012609327 | ||
| 005 | 20240922041159.0 | ||
| 035 | _a(NLR Aleph) 012609327 | ||
| 090 |
_a12605106 _c12605106 |
||
| 100 | _a20211004g20219999um y0rusy50 ca | ||
| 101 | 0 |
_arus _aeng |
|
| 102 | _aRU | ||
| 105 | _a||||j|||||||| | ||
| 181 | 0 |
_ai _baxxe |
|
| 182 | 0 | _an | |
| 200 | 1 |
_aПростые рассказы _dEasy stories _eанглийский язык _eкнига для чтения _eучебное пособие _eдля учеников начальной школы _fАнна Тейлор _zeng |
|
| 203 |
_aТекст _bвизуальный _cнепосредственный |
||
| 210 |
_aОбнинск _cТитул _d2021 |
||
| 215 | _d28 | ||
| 300 | _aНа обл. авт. на англ. яз.: Anna Taylor | ||
| 510 | 1 |
_6z73790 _aEasy stories _zeng |
|
| 606 | 1 |
_aАнглийский язык _jКниги для чтения _9972309 _3RU\NLR\AUTH\6646032 |
|
| 686 | 3 | _aШ143.21-93рус21[1/4]хрест | |
| 700 | 1 |
_aТейлор _bА. _gАнна |
|
| 790 | 1 |
_6z73510 _aTaylor _bA. _gAnna |
|
| 852 |
_aNLR _j2021-8/2945 |
||
| 942 | _cBOOK | ||